000 00684nam a2200241Ia 4500
003 OSt
005 20220928121436.0
006 a|||||r|||| 00| 0
007 ta
008 220927b |||||||| |||| 00| 0 eng d
024 _a25346
037 _cTextual
040 _aSDCL
_cSDCL
_beng
041 _2eng
_aeng
082 _aO15,1N271,9, N7
100 _aJoshi R V
_9394683
245 0 _aBhakti mimamsa kavyam.
260 _aJaipur
_bPandit Rampratap Shastri Charitable Trust
_c1997
300 _axiii,106p
_ccm.
490 _aPandit Rampratap Shastri publications series no.18
942 _hO15,1N271,9, N7
_cTEXL
_2CC
999 _c766326
_d766326